Plus longs fleuves de Pologne - Statistiques

Statistiques générales
  • Ce quiz a été pris 3 fois
  • Le résultat moyen est 3 sur 10
Statistiques - réponses
Hint Réponse % Correct
854* Oder
100%
1 047 Vistule
100%
62 Nogat
33%
168 Rega
33%
117 Łeba
0%
132 Parsęta
0%
169 Pasłęka
0%
103 Radunia
0%
138 Slupia
0%
112 Wieprza
0%
Aucun quiz correspondant
Distribution des résultats
% des personnes avec chaque résultat
Percentile par nombre de réponses
Votre historique - résultats
Vous n’avez pas pris ce quiz